| 000 | 00000nam##2200000za#4500 |
| 001 | 9.599838 |
| 003 | CaOODSP |
| 005 | 20240501092931 |
| 007 | cr ||||||||||| |
| 008 | 150406|2007||||xxc|||||o f|0| 0 fre|d |
| 040 | |aCaOODSP|bfre |
| 043 | |an-cn--- |
| 086 | 1 |aPS83-3/189F-PDF |
| 110 | 2 |aService correctionnel Canada. |
| 245 | 10|aL'unité résidentielle de justice réparatrice à l'Établissement de Grande Cache : |h[ressource électronique]|bexamen de l’application de la justice réparatrice en milieu correctionnel / |c[par] Tania R. Petrellis. |
| 260 | |bService correctionnel Canada |cMai 2007. |
| 300 | |a49p.|bréférences, tableaux |
| 490 | 1 |aRapport de recherche|vR-189 |
| 590 | |a11-01-Supp|b2011-01-11 |
| 720 | 1 |aPetrellis, Tania R. |
| 775 | 08|tThe Restorative Justice Living Unit at Grande Cache Institution : |w(CaOODSP)9.568564 |
| 830 | #0|aRapport de recherche (Service correctionnel Canada. Direction de la recherche)|vR-189|w(CaOODSP)9.502465 |
| 856 | 40|ahttp://publications.gc.ca|qPDF|s279 Ko|uhttps://publications.gc.ca/collections/collection_2010/scc-csc/PS83-3-189-fra.pdf|yR-189 |